Investigaciones histórico-críticas acerca de la Dinastía Pirenaica (Record no. 39727)

MARC details
000 -LEADER
campo de control de longitud fija 00513nam a2200157 i 4500
001 - NÚMERO DE CONTROL
campo de control 39727
003 - IDENTIFICADOR DE NÚMERO DE CONTROL
campo de control ES-MaACL
005 - FECHA Y HORA DE LA ÚLTIMA TRANSACCIÓN
campo de control 20230906160052.0
007 - CAMPO FIJO DE DESCRIPCIÓN FÍSICA--INFORMACIÓN GENERAL
campo de control de longitud fija t|
008 - DATOS DE LONGITUD FIJA--INFORMACIÓN GENERAL
campo de control de longitud fija 030304s1958 sp ||||1| spa d
100 1# - ENTRADA PRINCIPAL--NOMBRE DE PERSONA
Nombre de persona Campo Jesús, Luis del.
9 (RLIN) 34215
245 10 - MENCIÓN DEL TÍTULO
Título Investigaciones histórico-críticas acerca de la Dinastía Pirenaica
Resto del título : (ensayos) /
Mención de responsabilidad, etc. Luis del Campo Jesús.
260 ## - PUBLICACIÓN, DISTRIBUCIÓN, ETC.
Lugar de publicación, distribución, etc. Pamplona :
Nombre del editor, distribuidor, etc. [s.n.,
Fecha de publicación, distribución, etc. 1958] (
Fabricante Imp. La Acción Social)
300 ## - DESCRIPCIÓN FÍSICA
Extensión 304 p. ;
Dimensiones 19 cm.
852 ## - LOCALIZACIÓN
Ubicación ES-MaACL
Número de control de estantería C-15120
Sublocalización o colección R.43017
Holdings
Estatus retirado Estado de pérdida Estado de daño No para préstamo Biblioteca de origen Biblioteca actual Ubicación en estantería Fecha de adquisición Fuente de adquisición Total de préstamos Signatura topográfica completa Código de barras Visto por última vez Precio de reemplazo Tipo de ítem Koha
        Biblioteca del Ateneo de Madrid Biblioteca del Ateneo de Madrid Ficheros 17/01/2008     C-15120 1041836 23/02/2023 23/02/2023 Libro impreso